150 câu hỏi và giải đáp về bảo hiểm xe cơ giới và các tình huống giao thông thường gặp
Zapisane w:
| 1. autor: | |
|---|---|
| Format: | Książka |
| Język: | Undetermined |
| Wydane: |
H.
GTVT
2003
|
| Hasła przedmiotowe: | |
| Etykiety: |
Dodaj etykietę
Nie ma etykietki, Dołącz pierwszą etykiete!
|
| Thư viện lưu trữ: | Trung tâm Học liệu Trường Đại học Cần Thơ |
|---|
| LEADER | 00653nam a2200205Ia 4500 | ||
|---|---|---|---|
| 001 | CTU_58908 | ||
| 008 | 210402s9999 xx 000 0 und d | ||
| 020 | |b 30000 | ||
| 082 | |a 363.125 | ||
| 082 | |b L120 | ||
| 100 | |a Trương Mộc Lâm | ||
| 245 | 0 | |a 150 câu hỏi và giải đáp về bảo hiểm xe cơ giới và các tình huống giao thông thường gặp | |
| 245 | 0 | |c Trương Mộc Lâm và Trịnh Thanh Hoan | |
| 260 | |a H. | ||
| 260 | |b GTVT | ||
| 260 | |c 2003 | ||
| 650 | |a tranportation | ||
| 650 | |x safety measures | ||
| 904 | |i Minh | ||
| 980 | |a Trung tâm Học liệu Trường Đại học Cần Thơ | ||